00727nam a2200181Ia 4500999001700000082001200017100001800029245006600047260004800113300000800161504004100169650004100210650004900251650005500300710002500355942001200380952015300392 c18089d18089 aTK.0393 aKamala Kumari 0aPolitical change and its impact on women in Russia, 1991-2000 c2007bJawharlal Nehru University, New Delhi a216 aincludes appendices and bibliography aWomen in politicszRussiaz1991-2000 aWomen political activistszRussiaz1991-2000 aRussiavPolitics and governmentz1991-2000zRussia aPatnaik, Ajay Kumar  cTH2ddc 00104070aNASSDOCbNASSDOCd2008-11-17eGifted by : Fellowship Division, ICSSRi2008-09-15l0oTK.0393p44784r2019-04-18 00:00:00w2019-04-18yTH